Normal view
MARC view
- Mass transfer.
Entry Topical Term
001 - CONTROL NUMBER
- control field: 11005
003 - CONTROL NUMBER IDENTIFIER
- control field: NUST
005 - DATE AND TIME OF LATEST TRANSACTION
- control field: 20180605072315.0
008 - FIXED-LENGTH DATA ELEMENTS
- fixed length control field: 180605|| aca||aabn | a|a d
040 ## - CATALOGING SOURCE
- Original cataloging agency: NUST
- Transcribing agency: NUST
150 ## - HEADING--TOPICAL TERM
- Topical term or geographic name entry element: Mass transfer.
670 ## - SOURCE DATA FOUND
- Source citation: Work cat.: (NUST)0: Çengel, Yunus A. 2462, Heat and mass transfer :, c2011.
